000 00631nam a2200205 i 4500
001 95134
003 ES-MaACL
005 20230906181637.0
007 t|
008 050523s1968 sp ||||1| spa d
100 1 _aLupasco, Stéphane.
_974798
245 1 0 _aNuevos aspectos del arte y de la ciencia /
_cStéphane Lupasco; [los tradujo J. D. Martín Velasco].
260 _aMadrid :
_bGuadarrama,
_c1968.
300 _a167 p. ;
_c18 cm.
490 1 _aPuerto Omega ;
_v35
700 1 _aMartín Velasco, Juan.
_977669
830 0 _aPuerto Omega ;
_v35
_9186587
852 _aES-MaACL
_jC-36265
_bR.67578
999 _c95134
_d95134